[Event "46th Akiba Rubinstein Open A"]
[Site "Polanica Zdroj POL"]
[Date "2010.08.28"]
[Round "10"]
[White "Laszewicz,P"]
[Black "Piorun,K"]
[Result "1/2-1/2"]
[WhiteElo "2221"]
[BlackElo "2499"]

1.e4 e6 2.d4 d5 3.Nc3 Nf6 4.e5 Nfd7 5.f4 c5 6.Nf3 Nc6 7.Be3 a6 8.Qd2 b5 9.Ne2 Bb7
10.g3 Be7 11.Bg2 Qc7 12.O-O O-O 13.dxc5 Nxc5 14.Ned4 Ne4 15.Qe2 Nxd4 16.Bxd4 b4
17.Qe3 Rac8 18.Rfc1 a5 19.Bf1 Qc6 20.Bd3 Ba6 21.Kg2 a4 22.Qe2 Ra8 23.Nd2 Nxd2
24.Qxd2 g6 25.c3 Bxd3 26.Qxd3 b3 27.a3 h5 28.Rf1 Rfc8 29.Rad1 Kf8 30.h3 Ke8
31.g4 hxg4 32.hxg4 Kd7 33.Rh1 Rh8 34.Kf3 Kc7 35.Kg3 Kb7 36.Qf3 Qb5 37.Bf2 Rac8
38.Kg2 Qc6 39.Rhe1 Qa6 40.Re2 Rc4 41.Bd4 Qb5 42.Red2 Ka6 43.Bg1 Rhc8 44.Rd4 R4c6
45.R4d2 Rc4 46.Bd4 Rh8 47.Kg1 Rcc8 48.Rh2 Kb7 49.Rxh8 Rxh8 50.Kg2 Kc6 51.Bf2 Kd7
52.Qe3 Ke8 53.Qd3 Qc6 54.Bd4 Kd7 55.Rf1 Qc4 56.Qf3 Qa6 57.Rd1 Ke8 58.Bf2 Kd7
59.Qe3 Ke8 60.Qf3 Qc6 61.Bd4 Kf8 62.Qe3 Rh7 63.Qf3 Qc8 64.Bg1 Qc6 65.Bd4 Ke8
66.Qd3 Kd7 67.Qf3 Rh8  1/2-1/2

[Event "PK NBSB"]
[Site "Roosendaal NED"]
[Date "2010.08.28"]
[Round "4"]
[White "Van Weersel,A"]
[Black "Span,P"]
[Result "1/2-1/2"]
[WhiteElo "2171"]
[BlackElo "2316"]

1.e4 e6 2.d4 d5 3.Nc3 Nf6 4.e5 Nfd7 5.f4 c5 6.Nf3 Nc6 7.Be3 cxd4 8.Nxd4 Bc5
9.Qd2 a6 10.Be2 O-O 11.O-O Nxd4 12.Bxd4 b5 13.Bf3 Bxd4+ 14.Qxd4 Qb6 15.Ne2 Bb7
16.a4 b4 17.a5 Qxd4+ 18.Nxd4 Nc5 19.Be2 Rfc8 20.Rfc1 Rab8 21.Kf2 Rc7 22.Ke3 Rbc8
23.g4 Kf8 24.Rf1 Ke7 25.g5 g6 26.Rf3 Kf8 27.h4  1/2-1/2

[Event "ch-RUS Higher League"]
[Site "Irkutsk RUS"]
[Date "2010.08.30"]
[Round "5"]
[White "Inarkiev,E"]
[Black "Rychagov,A"]
[Result "1/2-1/2"]
[WhiteElo "2671"]
[BlackElo "2538"]

1.e4 e6 2.d4 d5 3.Nc3 Nf6 4.e5 Nfd7 5.f4 c5 6.Nf3 Nc6 7.Be3 a6 8.Qd2 b5 9.Be2 b4
10.Na4 Qa5 11.b3 Bb7 12.O-O Be7 13.a3 cxd4 14.Nxd4 bxa3 15.Qxa5 Nxa5 16.Bc1 Nc6
17.Nf3 Rc8 18.Rd1 f6 19.exf6 gxf6 20.Bxa3 Nb4 21.Nd4 Nf8 22.Bh5+ Kd8 23.Rd2 Nc6
24.Bc5 Nxd4 25.Bb6+ Kd7 26.Bxd4 Rc7 27.c4 Bb4 28.Rd3 Ke7 29.Rg3 Ng6 30.Bxg6 hxg6
31.Rxg6 Rf8 32.Nb6 dxc4 33.Nxc4 Rd7 34.Ra4 a5 35.Rg7+ Rf7 36.Rxf7+ Kxf7 37.Bb6 Rd1+
38.Kf2 Bd5 39.Ra2 Rb1 40.Nxa5 Be1+ 41.Ke2 Bxg2 42.Nc4 Bd5 43.Nd2 Bxd2 44.Kxd2 Rxb3
45.Bf2 Kg6 46.Ra7 Kf5 47.Bg3 Rb7  1/2-1/2

[Event "ch-RUS Higher League"]
[Site "Irkutsk RUS"]
[Date "2010.08.31"]
[Round "6"]
[White "Alekseev,Evgeny"]
[Black "Rakhmanov,Ale"]
[Result "1/2-1/2"]
[WhiteElo "2691"]
[BlackElo "2590"]

1.e4 e6 2.d4 d5 3.Nc3 Nf6 4.e5 Nfd7 5.f4 c5 6.Nf3 Nc6 7.Be3 Be7 8.Qd2 O-O
9.Be2 a6 10.O-O b5 11.a3 Bb7 12.Nd1 Qc7 13.c3 Na5 14.Qe1 Nc4 15.Bd3 Nxe3
16.Nxe3 f5 17.Kh1 Nb6 18.Rg1 h5 19.g3 Nc4 20.Qe2 Nxe3 21.Qxe3 g6 22.h3 c4
23.Bc2 Kg7 24.Kg2 Rh8 25.Kf2 Rag8 26.g4 hxg4 27.hxg4 Kf8 28.Ke2 Bc8 29.Rg3 Bd8
30.Rag1 a5 31.Qf2 Qh7 32.Qg2 Bd7 33.Kd1 Be8 34.Kc1 Be7 35.Kb1 Bd8 36.Kc1 Be7
37.Kb1 Bd8  1/2-1/2

[Event "9th Georgiev-Kesarovski Mem"]
[Site "Sunny Beach BUL"]
[Date "2010.09.04"]
[Round "8"]
[White "Popovic,AM"]
[Black "Galunov,T"]
[Result "0-1"]
[WhiteElo "2244"]
[BlackElo "2341"]

1.e4 e6 2.d4 d5 3.Nc3 Nf6 4.e5 Nfd7 5.Nf3 c5 6.dxc5 Bxc5 7.Bd3 Nc6 8.Bf4 h6
9.Qe2 a6 10.a3 b5 11.h4 Bb7 12.Rh3 Qa5 13.Kf1 b4 14.Nb1 bxa3 15.c3 a2 16.Na3 Qa4
17.Bc1 Bxa3 18.Rxa2 Qg4 19.Rg3 Qh5 20.Rxg7 Ncxe5 21.g4 Nxg4 22.Bg6 Nh2+ 23.Ke1 Nxf3+
24.Kd1 Qe5  0-1

[Event "TCh-ROU Superliga w"]
[Site "Baile Herculane ROU"]
[Date "2010.09.05"]
[Round "2"]
[White "Gaponenko,I"]
[Black "Cosma,E"]
[Result "1-0"]
[WhiteElo "2469"]
[BlackElo "2360"]

1.e4 e6 2.d4 d5 3.Nc3 Nf6 4.e5 Nfd7 5.f4 c5 6.Nf3 Nc6 7.Be3 Be7 8.dxc5 Nxc5
9.Be2 O-O 10.O-O b6 11.a3 Ne4 12.Nxe4 dxe4 13.Nd2 Bb7 14.c3 Rc8 15.Rc1 Rc7
16.Qc2 Qa8 17.Rfd1 Rd8 18.Nc4 Rcd7 19.Kf2 Nb8 20.b4 Na6 21.Rxd7 Rxd7 22.Rd1 Rxd1
23.Qxd1 Nc7 24.Nd6 Nd5 25.c4 Nc3 26.Qd4 Nxe2 27.Kxe2 Bc6 28.b5 Be8 29.a4 Bxd6
30.exd6 Qd8 31.c5 bxc5 32.Qxc5 f5 33.Qc7 Qh4 34.Qc8  1-0

[Event "FSIMB September"]
[Site "Budapest HUN"]
[Date "2010.09.08"]
[Round "5"]
[White "Battey,A"]
[Black "Steadman,M"]
[Result "1-0"]
[WhiteElo "2157"]
[BlackElo "2309"]

1.e4 e6 2.d4 d5 3.Nc3 Nf6 4.e5 Nfd7 5.f4 c5 6.Nf3 Nc6 7.Be3 a6 8.Qd2 b5 9.dxc5 Bxc5
10.Bxc5 Nxc5 11.O-O-O b4 12.Ne2 Ne4 13.Qe3 O-O 14.Ng3 f5 15.exf6 Nxf6 16.h3 Qc7
17.Kb1 a5 18.Bb5 a4 19.Bxc6 Qxc6 20.Nd4 Qb6 21.Rhe1 Re8 22.Nf3 Qc6 23.Nd4 Qc4
24.Rc1 Bd7 25.Nf3 Qa6 26.Ne5 Qd6 27.Qd4 Ra6 28.Re3 Rb8 29.Nd3 Rc6 30.Ne5 Rcb6
31.b3 Rc8 32.Ng4 Nxg4 33.hxg4 Rb7 34.Qe5 Qxe5 35.Rxe5 axb3 36.cxb3 Rxc1+
37.Kxc1 Kf7 38.Ne2 Ke7 39.Kb2 Kd6 40.g3 Rc7 41.g5 Be8 42.Nd4 Bd7 43.Re3 Rc8
44.Nc2 Rb8 45.Re1 Be8 46.Nd4 Bf7 47.Rc1 Be8 48.Nf3 Rb7 49.Ne5 h6 50.Rc8 Bb5
51.g6 Rc7 52.Nf7+ Kd7 53.Rg8 Ke7 54.Ne5 Kd6 55.a3 bxa3+ 56.Kxa3 d4 57.Rd8+ Kc5
58.b4+ Kb6 59.Rxd4 Rc3+ 60.Kb2 Rxg3 61.Rd6+ Kc7 62.Rxe6 Rg2+ 63.Kc3 Rf2 64.Re7+ Kd6
65.Rxg7 Rxf4 66.Nf7+ Ke6 67.Nxh6 Rc4+ 68.Kb3 Rh4 69.Rb7 Bc6 70.Rb6 Kd7 71.Rxc6  1-0

[Event "TCh-ROU Superliga"]
[Site "Baile Herculane ROU"]
[Date "2010.09.09"]
[Round "6"]
[White "Svetushkin,D"]
[Black "Balog,I1"]
[Result "0-1"]
[WhiteElo "2552"]
[BlackElo "2513"]

1.e4 e6 2.d4 d5 3.Nc3 Nf6 4.e5 Nfd7 5.f4 c5 6.Nf3 Nc6 7.Be3 a6 8.Qd2 cxd4
9.Nxd4 Bc5 10.O-O-O O-O 11.Qf2 Bb4 12.Nce2 Qa5 13.Kb1 Be7 14.Nc1 Nxd4 15.Bxd4 Nc5
16.Nb3 Nxb3 17.axb3 Qc7 18.g4 f6 19.Qe3 fxe5 20.Bxe5 Bd6 21.Bxd6 Qxd6 22.Rd4 Bd7
23.Bd3 Rf7 24.g5 Raf8 25.g6 Rxf4 26.Rxf4 Rxf4 27.gxh7+ Kh8 28.Rg1 e5 29.Rg5 e4
30.Qd4 Qf6 31.Rxd5 exd3 32.Qxd3 Bf5 33.Qe2 Re4 34.Qd1 Re8 35.Rd6 Qe5 36.Rb6 Qa5  0-1

[Event "EYCC Girls U16"]
[Site "Batumi GEO"]
[Date "2010.09.23"]
[Round "5"]
[White "Sharapova,A"]
[Black "Foisor,M"]
[Result "0-1"]
[WhiteElo "2024"]
[BlackElo "2210"]

1.e4 e6 2.d4 d5 3.Nc3 Nf6 4.e5 Nfd7 5.f4 c5 6.Nf3 Nc6 7.Be3 a6 8.Qd2 b5 9.h4 Qa5
10.g4 Bb7 11.Bg2 Rc8 12.O-O h5 13.gxh5 Rxh5 14.Qf2 cxd4 15.Nxd4 Nxd4 16.Bxd4 Qd8
17.Bf3 Rxh4 18.Qg3 Rh6 19.f5 Qh4 20.Qxh4 Rxh4 21.Bf2 Rh6 22.Be3 Bc5 23.Bxc5 Rxc5
24.fxe6 fxe6 25.Rae1 Ke7 26.Rf2 Rg6+ 27.Kf1 Rg5 28.Rfe2 Rc8 29.Rg2 Rxg2 30.Bxg2 Rf8+
31.Kg1 Rf5 32.Bh3 Rxe5 33.Ne2 Nf6 34.c3 a5 35.Kf1 Re3 36.Bg2 b4 37.cxb4 axb4
38.Kf2 Ng4+ 39.Kg1 Nh6 40.Bf1 d4 41.Rd1 d3 42.Nf4 Rg3+ 43.Ng2  0-1

[Event "EYCC Girls U14"]
[Site "Batumi GEO"]
[Date "2010.09.23"]
[Round "5"]
[White "Luzikova,N"]
[Black "Soyunlu,N"]
[Result "1/2-1/2"]
[WhiteElo "1778"]
[BlackElo "1811"]

1.e4 e6 2.d4 d5 3.Nc3 Nf6 4.e5 Nfd7 5.f4 c5 6.Nf3 Nc6 7.Ne2 Be7 8.g3 O-O
9.Bg2 f6 10.c3 fxe5 11.dxe5 Nb6 12.O-O Qc7 13.Qc2 Bd7 14.Be3 Rac8 15.Rac1  1/2-1/2

[Event "TCh-NED Meesterklasse 2010-11"]
[Site "Netherlands NED"]
[Date "2010.09.25"]
[Round "1.9"]
[White "Ondersteijn,N"]
[Black "Tereick,B"]
[Result "0-1"]
[WhiteElo "2268"]
[BlackElo "2365"]

1.e4 e6 2.d4 d5 3.Nc3 Nf6 4.e5 Nfd7 5.f4 c5 6.Nf3 Nc6 7.Be3 cxd4 8.Nxd4 Bc5
9.Qd2 O-O 10.O-O-O a6 11.h4 Nxd4 12.Bxd4 b5 13.Rh3 Bb7 14.Rg3 Kh8 15.h5 b4
16.Na4 Bxd4 17.Qxd4 Qa5 18.b3 Bc6 19.f5 Qc7 20.Re1 Bxa4 21.bxa4 Nc5 22.Qg4 Rg8
23.fxe6 Rac8 24.Qd1 fxe6 25.Bd3 b3 26.axb3 Nxb3+ 27.Kb1 Na5 28.Qd2 Qb6+  0-1

[Event "EYCC Boys U16"]
[Site "Batumi GEO"]
[Date "2010.09.27"]
[Round "8"]
[White "Lagarde,Max"]
[Black "Shahinyan,D"]
[Result "0-1"]
[WhiteElo "2433"]
[BlackElo "2257"]

1.e4 e6 2.d4 d5 3.Nc3 Nf6 4.e5 Nfd7 5.f4 c5 6.Nce2 Nc6 7.Nf3 Qb6 8.c3 f6
9.a3 cxd4 10.cxd4 Be7 11.h4 O-O 12.b4 Qc7 13.Rh3 b6 14.b5 Na5 15.Ra2 Bb7
16.Rc2 Nc4 17.Neg1 Rfc8 18.Bd3 Nf8 19.Ne2 f5 20.Kf2 Qd7 21.Qg1 h5 22.Qd1 g6
23.Ng3 Qe8 24.Be2 Kg7 25.Ng5 Kh6 26.Bxh5 gxh5 27.Nxe6 Qg6 28.Qd3 Nxe6 29.Nxf5+ Kh7
30.Kg1 Nxd4 31.Nxd4 Qxd3 32.Rxd3 Bc5 33.Re2 Bxd4+ 34.Rxd4 Re8 35.Rf2 Rac8
36.Rf1 Rc5 37.Rfd1 Rec8 38.a4 Rf8 39.R4d3 Rg8 40.Kh2 Rgc8 41.Re1 R5c7 42.f5 Rf7
43.f6 Nxe5 44.Rxe5 Rxc1 45.Rg3 Kh6 46.Rg7 Rxg7 47.fxg7 Rc8 48.Re7 Ba8 49.Rxa7 Rd8
50.Kg1 Kh7 51.Kf2 d4 52.Ke2 Bxg2 53.Rf7 Ra8 54.Rf5 Be4 55.Re5 Bg6 56.Re6 Kxg7
57.Rxb6 Rxa4 58.Rb7+ Kh6 59.b6 d3+ 60.Kd2 Ra2+ 61.Kc3 Rc2+ 62.Kb3 Rc6 63.Ka4 Rd6  0-1

[Event "TCh-NED"]
[Site "Netherlands NED"]
[Date "2010.10.09"]
[Round "2.8"]
[White "Paulet,I"]
[Black "Van Ketel,R"]
[Result "0-1"]
[WhiteElo "2247"]
[BlackElo "2266"]

1.e4 e6 2.d4 d5 3.Nc3 Nf6 4.e5 Nfd7 5.f4 c5 6.Nf3 Nc6 7.Be3 Be7 8.Qd2 O-O
9.O-O-O c4 10.g4 b5 11.Nb1 b4 12.f5 Qa5 13.Bg5 f6 14.Bh4 Qxa2 15.c3 Na5 16.Qg2 Nb3+
17.Kc2 Qa4 18.fxe6 Nxd4+ 19.Kd2 Qc2+ 20.Ke1 Nxf3+ 21.Qxf3 fxe5 22.Qg3 Bxh4
23.Qxh4 Qe4+ 24.Kd2 Nc5 25.cxb4 Nb3+ 26.Kc3 Rf3+ 27.Rd3 Rxd3+ 28.Kc2 Rd2+  0-1

[Event "TCh-NED"]
[Site "Netherlands NED"]
[Date "2010.10.09"]
[Round "2.3"]
[White "Van Delft,M"]
[Black "Kleijn,C"]
[Result "1-0"]
[WhiteElo "2384"]
[BlackElo "2427"]

1.e4 e6 2.d4 d5 3.Nc3 Nf6 4.e5 Nfd7 5.f4 c5 6.Nf3 Nc6 7.Be3 cxd4 8.Nxd4 Bc5
9.Qd2 O-O 10.O-O-O a6 11.Qf2 Bxd4 12.Bxd4 b5 13.Be3 Qc7 14.Kb1 Bb7 15.Rg1 f6
16.exf6 Nxf6 17.g4 b4 18.Na4 Ne4 19.Qe1 Qa5 20.b3 Nc3+ 21.Nxc3 bxc3 22.Bc1 Rae8
23.Rg3 d4 24.Bc4 Kh8 25.Rh3 g6 26.f5 gxf5 27.Rxh7+ Kxh7 28.Qh4+ Kg7 29.Qh6+ Kf7
30.Qh7+ Kf6 31.g5+ Ke5 32.Qd7 Ke4 33.Rf1 f4 34.Bd3+ Ke5 35.Re1+  1-0

[Event "4NCL Team Rapid"]
[Site "Newport Pagnell ENG"]
[Date "2010.10.09"]
[Round "1"]
[White "Jones,W"]
[Black "Summerscale,A"]
[Result "0-1"]
[WhiteElo "2100"]
[BlackElo "2419"]

1.e4 e6 2.d4 d5 3.Nc3 Nf6 4.e5 Nfd7 5.f4 c5 6.Nf3 Nc6 7.Be3 a6 8.Qd2 b5 9.dxc5 Bxc5
10.Ne2 Qb6 11.Bxc5 Nxc5 12.Ned4 Nxd4 13.Nxd4 b4 14.Be2 O-O 15.O-O a5 16.Kh1 Ba6
17.Bxa6 Rxa6 18.f5 Ne4 19.Qe3 exf5 20.Rxf5 Qh6 21.Qxh6 Rxh6 22.Kg1 Re8 23.Rd1 Rb6
24.Rd3 g6 25.Rf1 Rxe5 26.Nf3 Rf5 27.g4 Rf4 28.Ne5 Rxf1+ 29.Kxf1 Rd6 30.h3 f6
31.Nf3 Kf7 32.Kg2 Ke6 33.Nd4+ Ke5 34.Kf3 Ng5+ 35.Kg3 Ke4 36.h4 Ne6 37.Nxe6 Rxe6
38.Rd1 Rc6 39.Re1+ Kd4 40.Re2 a4 41.Kf4 a3 42.Rd2+ Kc5 43.bxa3 bxa3 44.h5 Kd6
45.Rd3 Rc4+ 46.Kf3 Rxc2 47.hxg6 hxg6 48.Rxa3 Rc6 49.Kf4 Rb6 50.Ra4 Kc5 51.Ra5+ Kc4
52.Ra4+ Kc3 53.Ra3+ Kc4 54.Ra4+ Rb4 55.Ra6 Kc5+ 56.Kf3 Rb6 57.Ra5+ Kc4 58.Ra4+ Kc3
59.Ra3+ Kd2 60.Ra5 Rd6 61.Rb5 d4 62.Rb2+ Kc3 63.Rb3+ Kc2 64.Rb7 d3 65.Ke3 d2
66.Rc7+ Kb2  0-1

[Event "Karen Asrian Memorial"]
[Site "Jermuk ARM"]
[Date "2010.10.10"]
[Round "6"]
[White "Paikidze,N"]
[Black "Vorobiov,E"]
[Result "1/2-1/2"]
[WhiteElo "2376"]
[BlackElo "2565"]

1.e4 e6 2.d4 d5 3.Nc3 Nf6 4.e5 Nfd7 5.f4 c5 6.Nf3 Nc6 7.Be3 Qb6 8.Na4 Qa5+
9.c3 cxd4 10.b4 Nxb4 11.cxb4 Bxb4+ 12.Bd2 Bxd2+ 13.Nxd2 O-O 14.Bd3 b5 15.Nb2 Nb6
16.O-O Nc4 17.Nbxc4 bxc4 18.Bxh7+ Kxh7 19.Qh5+ Kg8 20.Nf3 g6 21.Qh4 Kg7 22.Qf6+ Kg8
23.Qh4 Kg7 24.Qf6+ Kg8 25.Qh4  1/2-1/2

[Event "Liberec Open"]
[Site "Liberec CZE"]
[Date "2010.10.23"]
[Round "1"]
[White "Vlasak,Lu"]
[Black "Dupak,J"]
[Result "1/2-1/2"]
[WhiteElo "2231"]
[BlackElo "1919"]

1.e4 e6 2.d4 d5 3.Nc3 Nf6 4.e5 Nfd7 5.f4 c5 6.Nce2 cxd4 7.Nxd4 Nc6 8.Ngf3 Nxd4
9.Nxd4 Qb6 10.c3 Bc5 11.a3 a6 12.b4 Be7 13.Be3 Qc7 14.Rc1 Nb6 15.Qb3 Nc4
16.Bxc4 dxc4 17.Qc2 Bd7 18.O-O O-O 19.a4 b5 20.a5 Bc8 21.Rce1 Bb7 22.f5 Qxe5
23.Bf4 Qd5 24.Re5 Qd7 25.fxe6 fxe6 26.Nxe6 Rf6 27.Qe2 Rg6 28.Bg3 Re8 29.Nf4 Rf6
30.Rd1 Rd6 31.Rxd6 Qxd6 32.Re6 Qd7 33.Bh4 Kf7 34.Bxe7 Rxe7 35.Rxe7+ Qxe7
36.Qxe7+ Kxe7 37.Kf2 Kf6 38.g3 g6 39.Ke3 Kf5 40.h3 Ke5 41.Ne2 h5 42.Nf4 Be4
43.Ne2 Bg2 44.Nf4 Be4 45.Ne2 Bg2 46.Ng1 Be4 47.Nf3+ Bxf3 48.Kxf3 g5 49.Ke3 Kd5
50.Kf3 Ke5  1/2-1/2

[Event "11th Liberec Open"]
[Site "Liberec CZE"]
[Date "2010.10.25"]
[Round "3"]
[White "Gurtovoi,Borys"]
[Black "Berger,Volkmar"]
[Result "1/2-1/2"]
[WhiteElo "1990"]
[BlackElo "1827"]

1.e4 e6 2.d4 d5 3.Nc3 Nf6 4.e5 Nfd7 5.f4 c5 6.Nf3 Nc6 7.Be3 Be7 8.Be2 O-O
9.O-O a6 10.Kh1 b5 11.a4 b4 12.Nb1 Qb6 13.c4 bxc3 14.bxc3 cxd4 15.cxd4 Rb8
16.Nbd2 f6 17.Bf2 fxe5 18.dxe5 Bc5 19.Rb1  1/2-1/2

[Event "Chigorin Mem Classic Open"]
[Site "St Petersburg RUS"]
[Date "2010.10.29"]
[Round "2"]
[White "Balaian,Ali"]
[Black "Usseinov,Chingis"]
[Result "1-0"]
[WhiteElo "2157"]
[BlackElo "1775"]

1.e4 e6 2.d4 d5 3.Nc3 Nf6 4.e5 Nfd7 5.Nf3 c5 6.dxc5 Bxc5 7.Bd3 Nc6 8.Bf4 a6
9.Qe2 b5 10.a3 Qb6 11.O-O Be7 12.b4 O-O 13.Rae1 Re8 14.Bg5 Nd4 15.Nxd4 Qxd4
16.Bxe7 Rxe7 17.Qd2 Qb6 18.Qg5 Re8 19.Re3 h6 20.Qh5 Qc7 21.Rfe1 Nf8 22.Rg3 Kh8
23.Qg4 g6 24.Nd1 Bb7 25.Qf4 Kg7 26.Ne3 h5 27.Qf6+ Kg8 28.Qg5 Qe7 29.Qxh5 Rac8
30.Ng4  1-0

[Event "14th OIBM"]
[Site "Bad Wiessee GER"]
[Date "2010.10.31"]
[Round "3.26"]
[White "Krivoborodov,E"]
[Black "Schultz,A"]
[Result "1/2-1/2"]
[WhiteElo "2499"]
[BlackElo "2209"]

1.e4 e6 2.d4 d5 3.Nc3 Nf6 4.e5 Nfd7 5.f4 c5 6.Nf3 Nc6 7.Be3 a6 8.Qd2 b5 9.a3 Bb7
10.Bd3 Qb6 11.Qf2 c4 12.Be2 b4 13.axb4 Nxb4 14.Bd1 Be7 15.O-O O-O 16.Na4 Qc7
17.c3 Nd3 18.Qd2 Bc6 19.Be2 Rfb8 20.Rfb1 Nb6 21.Nxb6 Rxb6 22.Bxd3 cxd3 23.Ne1 a5
24.Nxd3 a4 25.Nc5 Bxc5 26.dxc5 Rb3 27.Rc1 Qb7 28.Ra2 Rb8 29.Rc2 Qa6 30.Bd4 Bb5
31.Ra3 Bd3 32.Rxb3 axb3 33.Rc1 Bc2 34.Re1 Ra8 35.Qe2 Qxe2 36.Rxe2 Kf8 37.Kf2 Ke8
38.Re1 Kd7 39.Ke3 Ra2 40.c4 dxc4 41.Kd2 Kc6 42.Kc3 Kd5 43.Bf2 Bd3  1/2-1/2

[Event "14th OIBM"]
[Site "Bad Wiessee GER"]
[Date "2010.10.31"]
[Round "3.21"]
[White "Pfeffer,R"]
[Black "Kindermann,S"]
[Result "1/2-1/2"]
[WhiteElo "2218"]
[BlackElo "2526"]

1.e4 e6 2.d4 d5 3.Nc3 Nf6 4.e5 Nfd7 5.f4 c5 6.Nf3 Nc6 7.Be3 cxd4 8.Nxd4 Bc5
9.Qd2 O-O 10.O-O-O Qe7 11.Kb1 f6 12.exf6 Nxf6 13.Bb5 Bd7 14.Rhe1 Bb4 15.Bd3 Ng4
16.Bg1 Bxc3 17.Qxc3 Rxf4 18.g3 Rf7 19.Bf5 Nge5 20.Bh3 Nxd4 21.Bxd4 Nc6 22.Bc5 Qf6
23.Qxf6 Rxf6 24.c4 Rd8 25.cxd5 exd5 26.Rxd5 Bxh3 27.Rxd8+ Nxd8 28.Re8+ Kf7
29.Rxd8 Rc6 30.b4 b6 31.Be3 Bf5+ 32.Ka1 Re6 33.Bf4 Re1+ 34.Kb2 Re2+ 35.Rd2 Rxd2+  1/2-1/2

[Event "Chigorin Mem Classic Open"]
[Site "St Petersburg RUS"]
[Date "2010.11.02"]
[Round "6"]
[White "Szabo,Krisz1"]
[Black "Khantuev,A"]
[Result "1/2-1/2"]
[WhiteElo "2528"]
[BlackElo "2322"]

1.e4 e6 2.d4 d5 3.Nc3 Nf6 4.e5 Nfd7 5.f4 c5 6.Nf3 Nc6 7.Be3 Be7 8.Qd2 O-O
9.Be2 b6 10.Nd1 a5 11.Nf2 Ba6 12.Nd3 f5 13.O-O cxd4 14.Nxd4 Nxd4 15.Bxd4 Nc5
16.Qe3 Qd7 17.g4 g6 18.Kh1 Kh8 19.Rf2 Ne4 20.Rg2 Bc5 21.gxf5 Rxf5 22.Bg4 Rf7
23.Rag1 Bxd4 24.Qxd4 Bxd3 25.cxd3 Nc5 26.Rg3 Raf8 27.Rf3 Qd8 28.a3 a4 29.Qf2 d4
30.h4 Qd5 31.Kh2 Nd7 32.Re1 Nc5 33.Rg1 Nd7 34.Re1 Nc5  1/2-1/2

[Event "TCh-CHN"]
[Site "Beijing CHN"]
[Date "2010.11.03"]
[Round "17"]
[White "Zhai Mo"]
[Black "Guo Qi"]
[Result "0-1"]
[WhiteElo "2110"]
[BlackElo "2143"]

1.e4 e6 2.d4 d5 3.Nc3 Nf6 4.e5 Nfd7 5.f4 c5 6.Nf3 Nc6 7.Be3 a6 8.Qd2 b5 9.dxc5 Bxc5
10.Bxc5 Nxc5 11.Qf2 Qb6 12.Bd3 b4 13.Ne2 a5 14.O-O Ba6 15.Rad1 Ne7 16.Kh1 Na4
17.Rb1 Qxf2 18.Rxf2 Nc5 19.Bxa6 Rxa6 20.Nd2 Nf5 21.Rf3 f6 22.g4 Nh6 23.c4 Ne4
24.Nxe4 dxe4 25.Rg3 fxe5 26.fxe5 O-O 27.Rd1 Rf2 28.Rg2 Rxg2 29.Kxg2 Nxg4
30.Rd6 Ra8 31.c5 Rc8 32.c6 Ne3+ 33.Kf2 Nf5 34.Rxe6 Kf7 35.Nf4 a4 36.h4 e3+
37.Kf1 Ng3+ 38.Ke1 Nh5 39.Rd6 Nxf4 40.Rd7+ Ke6  0-1

[Event "Chigorin Mem Classic Open"]
[Site "St Petersburg RUS"]
[Date "2010.11.03"]
[Round "7"]
[White "Bazeev,G"]
[Black "Iskusnyh,S"]
[Result "0-1"]
[WhiteElo "2348"]
[BlackElo "2465"]

1.e4 e6 2.d4 d5 3.Nc3 Nf6 4.e5 Nfd7 5.f4 c5 6.Nf3 Nc6 7.Be3 Be7 8.Qd2 O-O
9.Be2 b6 10.O-O f6 11.exf6 Nxf6 12.Kh1 Qc7 13.Ne5 a6 14.Nxc6 Qxc6 15.Qe1 Bb7
16.Bf3 Rae8 17.Rd1 Bd6 18.Qh4 Qc7 19.Ne2 Ne4 20.Bxe4 dxe4 21.dxc5 Bxc5 22.Qf2 Bxe3
23.Qxe3 Qxc2 24.Rd7 Rf7 25.Rxf7 Kxf7 26.f5 exf5 27.Qh3 Kg8 28.Qxf5 Qc7 29.Nd4 e3
30.Ne6 Qe7 31.Ng5 g6 32.Qf4 Bd5  0-1

[Event "TCh-CZE 2010-11"]
[Site "Frydek Mistek CZE"]
[Date "2010.11.07"]
[Round "2.5"]
[White "Rojicek,V"]
[Black "Lipka,J"]
[Result "1/2-1/2"]
[WhiteElo "2422"]
[BlackElo "2414"]

1.e4 e6 2.d4 d5 3.Nc3 Nf6 4.e5 Nfd7 5.Nce2 c5 6.c3 Nc6 7.f4 Be7 8.Nf3 O-O
9.a3 a5 10.g3 cxd4 11.cxd4 f6 12.Nc3 fxe5 13.dxe5 Nc5 14.Be3 b6 15.Bh3 Kh8
16.Nb5 Ba6 17.a4 Qd7 18.O-O Na7 19.Nfd4 Nxb5 20.axb5 Bxb5 21.Rf2 g6 22.Rd2 Ba6
23.Rc1 Rad8 24.Bg4 Bc8 25.h4 Qe8 26.Kh2  1/2-1/2

[Event "TCh-SUI 2010"]
[Site "Switzerland SUI"]
[Date "2010.11.07"]
[Round "9.4"]
[White "Heimann,An"]
[Black "Korchnoi,V"]
[Result "1/2-1/2"]
[WhiteElo "2464"]
[BlackElo "2566"]

1.e4 e6 2.d4 d5 3.Nc3 Nf6 4.e5 Nfd7 5.f4 c5 6.Nf3 Nc6 7.Be3 Be7 8.Qd2 O-O
9.dxc5 Bxc5 10.O-O-O Qa5 11.Bxc5 Nxc5 12.Kb1 a6 13.Bd3 Bd7 14.Qe3 Rfd8 15.a3 Be8
16.Nd4 Nxd4 17.Qxd4 Na4 18.Nxa4 Qxa4 19.Qxa4 Bxa4 20.Rd2 Rac8 21.Rhd1 Kf8
22.b3 Bb5 23.Bxb5 axb5 24.Rd4 Rc5 25.R1d2 Ke7 26.Kb2 f6 27.Re2 Kf7 28.Rd3 Rdc8
29.exf6 Kxf6 30.c3 R5c6 31.g4 h6 32.f5 exf5 33.Rxd5 fxg4 34.Rxb5 Rxc3 35.Rxb7 h5
36.a4 h4 37.a5 g3 38.hxg3 hxg3 39.a6 Rf3 40.Ka3 Ra8 41.a7 g5 42.Kb4 Kf5 43.Ra2 Kg4
44.Rb8 Rf4+ 45.Kc3 Rf3+ 46.Kb4 Rf4+  1/2-1/2

[Event "Russia Cup Final KO"]
[Site "Belgorod RUS"]
[Date "2010.11.08"]
[Round "1.2"]
[White "Frolyanov,D"]
[Black "Danin,A"]
[Result "1/2-1/2"]
[WhiteElo "2616"]
[BlackElo "2527"]

1.e4 e6 2.d4 d5 3.Nc3 Nf6 4.e5 Nfd7 5.f4 c5 6.Nf3 Nc6 7.Be3 Qb6 8.Na4 Qa5+
9.c3 cxd4 10.b4 Nxb4 11.cxb4 Bxb4+ 12.Bd2 Bxd2+ 13.Nxd2 O-O 14.Bd3 b5 15.Nb2 Nb6
16.O-O Nc4 17.Nbxc4 bxc4 18.Bxh7+ Kxh7 19.Qh5+ Kg8 20.Nf3 g6 21.Qh6 Qc7 22.f5 f6
23.fxg6 Qg7 24.Qh5 Bd7 25.exf6 Rxf6 26.Ne5 Raf8 27.Rxf6 Rxf6 28.Rb1 Be8 29.Rb8 Rf8
30.Qh3 Bxg6 31.Qxe6+ Bf7 32.Rxf8+ Qxf8 33.Qg4+ Qg7 34.Qxd4 Qf6 35.Nf3 Qf5
36.h4 Qb1+ 37.Kh2 Qxa2 38.Qf6 Qf2 39.h5 Qb6 40.Qg5+ Kh7 41.Ne5 Bxh5 42.Qxh5+ Qh6
43.Qxh6+ Kxh6 44.Kg3 a5 45.Ng4+ Kg5 46.Ne3 c3 47.Nc2 a4 48.Kf3 Kf5 49.g3 Kg5
50.g4 a3 51.Nxa3 d4 52.Ke4 Kxg4 53.Kxd4 c2 54.Nxc2  1/2-1/2

[Event "Magistral Barcelona"]
[Site "Barcelona ESP"]
[Date "2010.11.11"]
[Round "8"]
[White "Inarkiev,E"]
[Black "Oms Pallisse,J"]
[Result "1-0"]
[WhiteElo "2667"]
[BlackElo "2528"]

1.e4 e6 2.d4 d5 3.Nc3 Nf6 4.e5 Nfd7 5.f4 c5 6.Nf3 Nc6 7.Be3 Be7 8.Be2 O-O
9.O-O b6 10.Qe1 Bb7 11.Rd1 Qc8 12.Qg3 f5 13.exf6 Nxf6 14.Qh3 cxd4 15.Nxd4 Nxd4
16.Bxd4 Bc5 17.Kh1 Bxd4 18.Rxd4 Kh8 19.Qe3 Ba6 20.Bxa6 Qxa6 21.Re1 Rac8 22.h3 h6
23.a3 Qb7 24.Re2 Rc6 25.Na2 Rfc8 26.Nb4 Rc4 27.Rxc4 Rxc4 28.Qxe6 Rxf4 29.Qd6 Re4
30.Rd2 Qe7 31.Qxe7 Rxe7 32.Nxd5 Nxd5 33.Rxd5 Re2 34.Rd8+ Kh7 35.Rc8 h5 36.a4 Kh6
37.Rc7 g6 38.b3 a5 39.Rc6 Kg5 40.Kh2 Kf4 41.Rxb6 g5 42.Rf6+ Ke5 43.Rc6 Kf4
44.Rc4+ Ke3 45.Kg3 Kd2 46.Rc5 Re3+ 47.Kh2 g4 48.h4  1-0

[Event "ch-UKR w"]
[Site "Poltava UKR"]
[Date "2010.11.13"]
[Round "1"]
[White "Kalinina,O"]
[Black "Bulakh,O"]
[Result "1/2-1/2"]
[WhiteElo "2222"]
[BlackElo "2045"]

1.e4 e6 2.d4 d5 3.Nc3 Nf6 4.e5 Nfd7 5.f4 c5 6.Nf3 Nc6 7.Be3 a6 8.Qd2 Be7
9.Be2 b5 10.a3 Bb7 11.O-O O-O 12.dxc5 Bxc5 13.Bxc5 Nxc5 14.Bd3 h6 15.b4 Nd7
16.Rae1 Qb6+ 17.Kh1 f6 18.Bf5 Ne7 19.Bd3 Nc6 20.Nxd5 exd5 21.Bf5 Rfd8 22.Qxd5+ Kf8
23.Qd6+ Ne7 24.Bxd7 Qxd6 25.exd6 Nd5 26.Bg4 Rxd6 27.Nd4 Nc3 28.Ne6+ Kf7 29.Nc5 Bc6
30.Bh5+ g6 31.Bf3 Bxf3 32.Rxf3 Re8 33.Ref1 Ne2 34.Nd3 Nd4 35.R3f2 Nf5 36.g3 Ne3
37.Re1 Nc4 38.Rxe8 Kxe8 39.Re2+ Kf7 40.Kg2 Nxa3 41.Nc5 Nc4 42.Kf3 a5 43.Ne4 Re6
44.Nc3 axb4 45.Nxb5 Na3 46.Nd4 Rd6 47.Ke4 f5+ 48.Ke3 Nc4+ 49.Kd3 Nb2+ 50.Ke3 Nd1+
51.Kd3 Nb2+  1/2-1/2

[Event "ch-UKR w"]
[Site "Poltava UKR"]
[Date "2010.11.15"]
[Round "3"]
[White "Tantsiura,M"]
[Black "Bulakh,O"]
[Result "1-0"]
[WhiteElo "2065"]
[BlackElo "2045"]

1.e4 e6 2.d4 d5 3.Nc3 Nf6 4.e5 Nfd7 5.f4 c5 6.Nf3 Nc6 7.Be3 Be7 8.Qd2 O-O
9.Be2 a6 10.O-O b5 11.dxc5 Bxc5 12.Bxc5 Nxc5 13.a3 Bb7 14.Bd3 f5 15.exf6 Qxf6
16.Ng5 Nxd3 17.Qxd3 Qd4+ 18.Rf2 Qxd3 19.cxd3 d4 20.Nce4 e5 21.Nd6 Bc8 22.Rc1 Bd7
23.Rxc6 Bxc6 24.fxe5 Rxf2 25.Kxf2 Bd5 26.Nf3 Bxf3 27.gxf3 g6 28.f4 Kf8 29.Kf3 Ke7
30.Ke4 Rf8 31.b4 h5 32.h4 Kd7 33.Nb7 Kc6 34.Na5+ Kd7 35.Nb3 Rc8 36.Nc5+ Kc6
37.Kxd4 a5 38.Ke4 axb4 39.axb4 Ra8 40.d4 Ra1 41.d5+ Kc7 42.d6+ Kc6 43.d7 Re1+
44.Kf3 Kc7 45.e6 Rf1+ 46.Ke2  1-0

[Event "1st Open"]
[Site "Brno CZE"]
[Date "2010.11.16"]
[Round "4"]
[White "Chudinovskikh,A"]
[Black "Halldorsson,J"]
[Result "1/2-1/2"]
[WhiteElo "2280"]
[BlackElo "2196"]

1.e4 e6 2.d4 d5 3.Nc3 Nf6 4.e5 Nfd7 5.f4 c5 6.Nf3 Nc6 7.Be3 cxd4 8.Nxd4 Bc5
9.Qd2 Bxd4 10.Bxd4 Nxd4 11.Qxd4 Qb6 12.O-O-O Qxd4 13.Rxd4 Ke7 14.h4 h5 15.Be2 Nb8
16.g4 Nc6 17.Rdd1 hxg4 18.Bxg4 g6 19.Nb5 Bd7 20.Nd6 b6 21.h5 gxh5 22.Bxh5 Raf8
23.Rdg1 Rh7 24.Be2 Rfh8 25.Rxh7 Rxh7 26.Rg8 f6 27.Nb5 fxe5 28.fxe5 a6 29.Nc7 Nxe5
30.Nxa6 Nc6 31.Nc7 Rh2 32.Bb5 Kd6 33.Ne8+ Ke7 34.Nc7 Kd6 35.Ne8+ Ke7 36.Nc7  1/2-1/2